00475nam a2200157Ia 4500003000400000008004100004040001600045082001500061100001600076245005500092260005100147300000800198650003900206650003600245650003600281GCL140319s9999 xx 000 0 eng d aGCL / cGCL04a792.2bS R1 aSTYAN, J.L.10aRESTARATION COMECTY IN PERFOEMANCE / cSTYAN, J.L. a[S.N] : bCAMBRIBGE UNIVERSITY PRESS ، c1989 a27104aTHEATER - PRODUCTION AND DIRECTION04aENGLISH DRAMA RESTORATION, 166004aENGLISH DRAMA - COMEDY HISTORY